El poder naval chileno
Shranjeno v:
| Main Authors: | , , , , , , , |
|---|---|
| Korporativna značnica: | |
| Format: | Knjiga |
| Jezik: | španščina |
| Izdano: |
Valparaíso
Universitarias de Valparaíso
1985
|
| Izdaja: | 1a. ed |
| Teme: | |
| Oznake: |
Označite
Brez oznak, prvi označite!
|
MARC
| LEADER | 00000nam a2200000 a 4500 | ||
|---|---|---|---|
| 001 | UCJ5863 | ||
| 003 | CL-VaPUC | ||
| 008 | 070124e19850000CL |||||||||||||||||spa|d | ||
| 082 | 0 | 4 | |a 983 |b ANG |2 21 |
| 100 | 0 | |a Angulo Budge, Eduardo |e author |9 511720 | |
| 700 | 0 | |a Barros Van Buren, Mario |e author |9 511721 | |
| 700 | 0 | |a Bravo Bravo, Luis |e author |9 511722 | |
| 700 | 0 | |a Coujoumdjian Bergamalí, Ricardo |e author |9 511723 | |
| 700 | 0 | |a Ghisolfo Araya, Francisco |e author |9 511724 | |
| 700 | 0 | |a Hernández Ponce, Rafael |e author |9 511725 | |
| 700 | 0 | |a Scheihing Navarro, Rubén |e author |9 511726 | |
| 700 | 0 | |a Osés Concha, Boris |e author |9 511727 | |
| 110 | 2 | |a Armada de Chile |e author |9 511728 | |
| 245 | 1 | 3 | |a El poder naval chileno |
| 250 | |a 1a. ed | ||
| 300 | |a 2 v | ||
| 942 | |c BK | ||
| 945 | |d 20070124 00:00:00 |a rinostro | ||
| 260 | |a Valparaíso |b Universitarias de Valparaíso |c 1985 | ||
| 500 | |a Profusamente ilustrado; excelentes reproducciones de pinturas relacionadas con el tema: personajes, ciudades, puertos, batallas, etc. | ||
| 600 | 0 | 7 | |a CAVENDISH, THOMAS |2 CL-VaPUC |9 510880 |
| 600 | 0 | 7 | |a HAWKINS, RICHARD |2 CL-VaPUC |9 504658 |
| 600 | 0 | 7 | |a PASTENE, JUAN BAUTISTA |2 CL-VaPUC |9 448728 |
| 600 | 0 | |a Drake, Francis |9 468873 | |
| 600 | 0 | 7 | |a NUÑEZ DE BALBOA, VASCO |2 CL-VaPUC |9 444801 |
| 600 | 0 | 7 | |a MAGALLANES, HERNANDO DE |2 CL-VaPUC |9 368786 |
| 600 | 0 | 7 | |a VAN NOORT, OLIVERIO |2 CL-VaPUC |9 444570 |
| 600 | 0 | |a Moraleda y Montero, José de, |d 1750-1810 |9 516391 | |
| 600 | 0 | 7 | |a ENRIQUE EL NAVEGANTE |2 CL-VaPUC |9 507587 |
| 600 | 0 | 7 | |a ULLOA, ANTONIO DE |2 CL-VaPUC |9 432277 |
| 600 | 0 | 7 | |a MORGAN, HENRY |2 CL-VaPUC |9 504651 |
| 600 | 0 | 7 | |a NELSON, HORACIO |2 CL-VaPUC |9 438300 |
| 600 | 0 | |a Portales y Palazuelos, Diego, |d 1793-1837 |9 255516 | |
| 600 | 0 | 7 | |a URMENETA, JOSE TOMAS |2 CL-VaPUC |9 315196 |
| 600 | 0 | 7 | |a SANTA CRUZ, ANDRES DE |2 CL-VaPUC |9 446415 |
| 600 | 0 | 7 | |a PEREZ ROSALES, VICENTE |2 CL-VaPUC |9 346608 |
| 650 | 0 | |a Historia naval |9 268284 | |
| 650 | 0 | |a Armada de Chile |9 508787 | |
| 650 | 0 | |a Historia de Chile |9 265473 | |
| 650 | 7 | |a INGENIERIA NAVAL |2 CL-VaPUC |9 262110 | |
| 650 | 0 | |a Arquitectura naval |9 261969 | |
| 650 | 7 | |a INSTRUMENTOS NAUTICOS |2 CL-VaPUC |9 511731 | |
| 650 | 0 | |a Iconografía |9 267998 | |
| 650 | 7 | |a MAR TERRITORIAL |2 CL-VaPUC |9 511732 | |
| 650 | 0 | |a Cartografía |9 266055 | |
| 650 | 0 | |a Mapas |9 260844 | |
| 650 | 0 | |a Pintores chilenos |9 345328 | |
| 651 | 0 | |a Chiloé |9 265209 | |
| 651 | 7 | |a CALLAO |2 CL-VaPUC |9 443682 | |
| 651 | 0 | |a Valparaíso, Chile |9 261144 | |
| 583 | |a last modification |c 20070124 00:00:00 |k Rodrigo Vera | ||
| 999 | |c 321971 |d 321969 | ||
| 952 | |0 0 |1 0 |4 0 |6 983_000000000000000_ANG_1985 |7 0 |8 X |9 400869 |a FDOBUD |b FDOBUD |d 2019-11-22 |h v.1 |i 1040715 |o 983 ANG 1985 |p 1040715 |r 2019-11-22 |w 2019-11-22 |y BK_X |k BUD | ||
| 952 | |0 0 |1 0 |4 0 |6 983_000000000000000_ANG_1985 |7 0 |8 X |9 400870 |a FDOBUD |b FDOBUD |d 2019-11-22 |h v.2 |i 1040723 |o 983 ANG 1985 |p 1040723 |r 2019-11-22 |w 2019-11-22 |y BK_X |k BUD | ||